Hundred percenters : challenge your employees to give it their all, and they'll give you even more /

Bibliographic Details
Main Author: Murphy, Mark A. (Mark Andrew)
Format: Book
Published: New York: McGraw-Hill, 2010.
Subjects:
LEADER 00790cam a2200229 7i4500
001 0000012084
005 20151104090000.0
005 ##20151104113200.0
003 ##MY-KlINT
020 # # |a 9780071638944  
039 # 9 |y 201511041132  |z VLOAD 
090 0 0 |a 658.314   |b MUR 
100 1 # |a Murphy, Mark A.   |q (Mark Andrew) 
245 1 0 |a Hundred percenters :   |b challenge your employees to give it their all, and they'll give you even more /   |c Mark Murphy. 
260 # # |a New York:   |b McGraw-Hill,   |c 2010. 
300 # # |a ix, 212 p;   |c 24cm. 
650 # 0 |a Goal setting in personnel management  
650 # 0 |a Supervision of employees  
650 # 0 |a Achievement motivation  
650 # 0 |a Employee motivation  
999 |a 0000065519  |b BOOK  |c Main Non-Fiction  |e INTAN BK 
999 |a 0000065914  |b BOOK  |c Main Non-Fiction  |e INTAN BK